El piloto Luis Pardo Villalón: visiones desde la prensa 1916

Guardat en:
Dades bibliogràfiques
Autors principals: León Wöppke, María Consuelo (autora), Jara Fernández, Mauricio (Autor)
Autor corporatiu: Centro de Estudios Hemisférico y Polares (Autor)
Format: Llibre
Idioma:espanyol
Publicat: Santiago LW Editorial 2015
Edició:1a. ed
Matèries:
Etiquetes: Afegir etiqueta
Sense etiquetes, Sigues el primer a etiquetar aquest registre!

MARC

LEADER 00000cam a2200000 a 4500
001 UCD0714
003 CL-VaPUC
008 151210e20150000cl |||||||||||||||||spa|d
020 |a 9789563589207 
082 0 4 |a 923  |b LEO  |2 21 
100 |a León Wöppke, María Consuelo  |e autora  |9 583714 
700 0 |a Jara Fernández, Mauricio  |e author  |9 583715 
110 2 |a Centro de Estudios Hemisférico y Polares  |e author  |9 583716 
245 1 3 |a El piloto Luis Pardo Villalón: visiones desde la prensa 1916 
250 |a 1a. ed 
300 |a 267 p 
942 |c BK 
945 |d 20151210 22:58:00  |a arojas 
260 |a Santiago  |b LW Editorial  |c 2015 
650 0 |a Historia de Chile  |9 265473 
650 0 |a Armada de Chile   |9 508787 
650 0 |a Marinos   |9 323609 
650 0 |a Biografías  |9 255210 
650 0 |a Prensa  |9 258117 
583 |a last modification  |c 20151215 09:27:27  |k Rodrigo Vera 
999 |c 362176  |d 362174 
952 |0 0  |1 0  |3 erb  |4 0  |6 923_000000000000000_LEO_2015  |7 0  |8 A  |9 473131  |a BIBHIS  |b BIBHIS  |i 5255538  |o 923 LEO 2015  |p 5255538  |r 2025-01-20  |w 2019-11-24  |y BK  |z Catalogado en:20151210  |k HIS 
952 |0 0  |1 0  |3 erb  |4 0  |6 923_000000000000000_LEO_2015  |7 0  |8 X  |9 473132  |a FDOBUD  |b FDOBUD  |i 5266246  |o 923 LEO 2015  |p 5266246  |r 2019-11-24  |w 2019-11-24  |y BK_X  |z Catalogado en:20160310  |k BUD